Statistics for Feeling lucky?

Click here to take the quiz!

General Stats

  • This quiz has been taken 11 times
  • The average score is 4 of 20

Answer Stats

QuestionAnswer% Correct
What is the capital of Japan?Tokyo
100%
Which band sang the song 'Bohemian Rhapsody'?Queen
83%
Who is the current POTUS?Joe Biden
33%
What is the financial capital of India?Mumbai
33%
Who is Phoebe Buffay's sister?Ursula
33%
'Babbling brooks' and 'Mean monkey marches' are examples of which figure of speech?Alliteration
17%
What is the capital of Zimbabwe?Harare
17%
Who is the princess in 'Aladdin'?Jasmine
17%
Who was India's first Prime Minister?Jawaharlal Nehru
17%
What is the powerhouse of the cell?Mitochondria
17%
What movie is based on the creator of the Atomic Bomb?Oppenheimer
17%
What is the most famous drink of Joseph's Bar, Panjim?Tambde Rosa
17%
Name a famous Goan dish starting with the letter 'X'Xacuti
17%
What is the full form of AIB?All India Bakchod
0%
Cat : Feline :: Dog : ?Canine
0%
what is a 12 sided polygon called?Dodecagon
0%
Guess the location: where the bell isn't smart, and walking but not getting anywhere is considered an artGym
0%
What is Scully's first name in Brooklyn 99?Norm
0%
Who is a 'professional liver'?Orry
0%
Which is the biggest state in India?Rajasthan
0%

Score Distribution

Percentile by Number Answered

Percent of People with Each Score

Your Score History

You have not taken this quiz